Charlie Chaplin films - Statistics

General Stats
  • This quiz has been taken 27 times
  • The average score is 17 of 82
Answer Stats
Hint Answer % Correct
1921 First National #6 The Kid
91%
1931 United Artists #4 City Lights
82%
1936 United Artists #5 Modern Times
82%
1940 United Artists #6 The Great Dictator
82%
1947 United Artists #7 Monsieur Verdoux
73%
1928 United Artists #3 The Circus
73%
1925 United Artists #2 The Gold Rush
64%
1952 United Artists #8 Limelight
55%
1918 First National #1 A Dog's Life
45%
1957 Archway A King In New York
45%
1917 Mutual #11 The Immigrant
45%
1923 First National #9 The Pilgrim
45%
1967 Universal A Countess From Hong Kong
36%
1915 Essanay #9 A Woman
36%
1923 United Artists #1 A Woman Of Paris
36%
1918 First National #3 Shoulder Arms
36%
1916 Mutual #5 The Count
36%
1919 First National #5 A Day's Pleasure
27%
1916 Mutual #8 The Rink
27%
1915 Essanay #6 The Tramp
27%
1916 Mutual #7 Behind The Screen
18%
1917 Mutual #9 Easy Street
18%
1915 Essanay #1 His New Job
18%
1914 Keystone #3 Mabel's Strange Predicament
18%
1916 Mutual #4 One A.M.
18%
1922 First National #8 Pay Day
18%
1919 First National #4 Sunnyside
18%
1917 Mutual #12 The Adventurer
18%
1918 First National #2 The Bond
18%
1917 Mutual #10 The Cure
18%
1916 Mutual #2 The Fireman
18%
1916 Mutual #1 The Floorwalker
18%
1921 First National #7 The Idle Class
18%
1914 Keystone #36 Tillie's Punctured Romance
18%
1918 Essanay #15 Triple Trouble
18%
1915 Essanay #13 A Burlesque On Carmen
9%
1914 Keystone #15 A Busy Day
9%
1914 Keystone #6 A Film Johnnie
9%
1915 Essanay #5 A Jitney Elopement
9%
1915 Essanay #12 A Night In The Show
9%
1915 Essanay #2 A Night Out
9%
1914 Keystone #4 A Thief Catcher
9%
1914 Keystone #5 Between Showers
9%
1915 Essanay #7 By The Sea
9%
1914 Keystone #13 Caught In A Cabaret
9%
1914 Keystone #14 Caught In The Rain
9%
1914 Keystone #9 Cruel, Cruel Love
9%
1914 Keystone #30 Dough And Dynamite
9%
1914 Keystone #31 Gentlemen Of Nerve
9%
1914 Keystone #34 Getting Acquainted
9%
1914 Keystone #17 Her Friend The Bandit
9%
1914 Keystone #8 His Favourite Pastime
9%
1914 Keystone #32 His Musical Career
9%
1914 Keystone #26 His New Profession
9%
1914 Keystone #35 His Prehistoric Past
9%
1914 Keystone #33 His Trysting Place
9%
1915 Essanay #4 In The Park
9%
1914 Keystone #2 Kid Auto Races At Venice, Cal.
9%
1914 Keystone #21 Laughing Gas
9%
1914 Keystone #11 Mabel At The Wheel
9%
1914 Keystone #19 Mabel's Busy Day
9%
1914 Keystone #20 Mabel's Married Life
9%
1914 Keystone #1 Making A Living
9%
1916 Essanay #14 Police
9%
1914 Keystone #24 Recreation
9%
1915 Essanay #11 Shanghaied
9%
1914 Keystone #7 Tango Tangles
9%
1915 Essanay #10 The Bank
9%
1915 Essanay #3 The Champion
9%
1914 Keystone #23 The Face On The Bar-room Floor
9%
1914 Keystone #16 The Fatal Mallet
9%
1914 Keystone #18 The Knockout
9%
1914 Keystone #25 The Masquerader
9%
1914 Keystone #28 The New Janitor
9%
1916 Mutual #6 The Pawnshop
9%
1914 Keystone #22 The Property Man
9%
1914 Keystone #27 The Rounders
9%
1914 Keystone #10 The Star Boarder
9%
1916 Mutual #3 The Vagabond
9%
1914 Keystone #29 Those Love Pangs
9%
1914 Keystone #12 Twenty Minutes Of Love
9%
1915 Essanay #8 Work
9%
No matching quizzes found
Score Distribution
Percent of People with Each Score
Percentile by Number Answered
Your Score History
You have not taken this quiz